000 00802nam a22001457a 4500
999 _c520001
_d520001
008 220531b ||||| |||| 00| 0 eng d
100 _aChawal, Alka
_933338
245 _aRole of copyright law in education and educational Institutions
260 _aJournal of the Indian Law Institute
300 _a 63(2), Apr-Jun, 2021: p.146-171
520 _aThe paper is of great relevance for the education sector during normal and the “new normal times of pandemic 2020-21”. It analyses the interface between issues in copyright law on one hand and teaching whether offline or online; requirement of reading material by students, researchers and the faculty through physical or e-liberalises; - Reproduced
773 _aJournal of the Indian Law Institute
906 _aCOPYRIGHT LAW
942 _cAR